书目信息 |
| 题名: |
准噶尔盆地玛湖凹陷三叠系百口泉组砂砾岩储层形成与演化
|
|
| 作者: | 雷德文 , 王小军 , 唐勇 著 | |
| 分册: | ||
| 出版信息: | 北京 科学出版社 2018 |
|
| 页数: | 304页 | |
| 开本: | 26cm | |
| 丛书名: | 准噶尔盆地勘探理论与实践系列丛书 | |
| 单 册: | ||
| 中图分类: | P618.130.2 | |
| 科图分类: | ||
| 主题词: | ||
| 电子资源: | ||
| ISBN: | 978-7-03-056163-3 | |
| 000 | 01972nam 2200325 450 | |
| 001 | 012001001662 | |
| 005 | 20140108160415.0 | |
| 010 | @a978-7-03-056163-3@dCNY258.00 | |
| 099 | @aCAL 012018095918 | |
| 100 | @a20180621d2018 em y0chiy50 ea | |
| 101 | 0 | @achi |
| 102 | @aCN@b110000 | |
| 105 | @aak a 000yy | |
| 106 | @ar | |
| 200 | 1 | @a准噶尔盆地玛湖凹陷三叠系百口泉组砂砾岩储层形成与演化@Azhun ga er pen di ma hu ao xian san die xi bai kou quan zu sha li yan chu ceng xing cheng yu yan hua@d= The formation and evolution of the glutenite reservoir of baikouquan formation in the triassic of Mahu depression, Junggar basin@f雷德文 ... [等] 著@zeng |
| 210 | @a北京@c科学出版社@d2018 | |
| 215 | @a304页@c图 (部分彩图)@d26cm | |
| 225 | 2 | @a准噶尔盆地勘探理论与实践系列丛书@Azhun ga er pen di kan tan li lun yu shi jian xi lie cong shu |
| 304 | @a题名页题: 雷德文, 王小军, 唐勇, 史基安, 常秋生等著 | |
| 320 | @a有书目 (第297-304页) | |
| 330 | @a本书根据古构造、古地貌、物源供给及古气候等沉积背景分析, 确定了准噶尔盆地玛湖凹陷三叠系百口泉组属湖侵背景下多级坡折控制的退积型浅水扇三角洲沉积。依据岩心观察、薄片鉴定、录井、测井及地震等资料, 建立了该区百口泉组扇三角洲沉积微相岩相沉积模式, 分析了研究区扇三角洲沉积体系空间展布特征。以核磁共振测井和成像测井为依据, 结合储层岩矿特征、储层成岩演化及储层物性和试油资料的分析, 应用量化地质研究方法对百口泉组砂砾岩储层进行分类评价, 并在对砂砾岩储层主控因素及油气成藏条件分析的基础上, 提出了研究区有利储层分布区带。 | |
| 410 | 0 | @12001 @a准噶尔盆地勘探理论与实践系列丛书 |
| 510 | 1 | @aFormation and evolution of the glutenite reservoir of baikouquan formation in the triassic of Mahu depression, Junggar basin@zeng |
| 607 | @a准噶尔盆地@Azhun ga er pen di@x三叠纪@x砂岩油气田@x储集层@x研究 | |
| 690 | @aP618.130.2@v5 | |
| 701 | 0 | @a雷德文@Alei de wen@4著 |
| 701 | 0 | @a王小军@Awang xiao jun@4著 |
| 701 | 0 | @a唐勇@Atang yong@4著 |
| 801 | 0 | @aCN@b北京卓展@c20191020 |
| 905 | @b1202353-4@dP618.130.2@e103@f2 | |
| 准噶尔盆地玛湖凹陷三叠系百口泉组砂砾岩储层形成与演化= The formation and evolution of the glutenite reservoir of baikouquan formation in the triassic of Mahu depression, Junggar basin/雷德文 ... [等] 著.-北京:科学出版社,2018 |
| 304页:图 (部分彩图);26cm.-(准噶尔盆地勘探理论与实践系列丛书) |
| ISBN 978-7-03-056163-3:CNY258.00 |
| 本书根据古构造、古地貌、物源供给及古气候等沉积背景分析, 确定了准噶尔盆地玛湖凹陷三叠系百口泉组属湖侵背景下多级坡折控制的退积型浅水扇三角洲沉积。依据岩心观察、薄片鉴定、录井、测井及地震等资料, 建立了该区百口泉组扇三角洲沉积微相岩相沉积模式, 分析了研究区扇三角洲沉积体系空间展布特征。以核磁共振测井和成像测井为依据, 结合储层岩矿特征、储层成岩演化及储层物性和试油资料的分析, 应用量化地质研究方法对百口泉组砂砾岩储层进行分类评价, 并在对砂砾岩储层主控因素及油气成藏条件分析的基础上, 提出了研究区有利储层分布区带。 |
| ● |
| 相关链接 |
|
|
|
|
正题名:准噶尔盆地玛湖凹陷三叠系百口泉组砂砾岩储层形成与演化
索取号:P618.130.2/103
 
预约/预借
| 序号 | 登录号 | 条形码 | 馆藏地/架位号 | 状态 | 备注 |
| 1 | 1202353 | 212023530 | 第二样本阅览室/ [索取号:P618.130.2/103] | 在馆 | |
| 2 | 1202354 | 212023549 | 第三借阅区/ [索取号:P618.130.2/103] | 在馆 |